Excursions in live broadcast

Podrobná bibliografia
Hlavní autori: Čipková, Elena, 1975- (Autor), Karolčík, Štefan, 1970- (Autor), Michalcová, Kristína (Autor)
Médium: Článok
Jazyk:angličtina
Fyzický popis:Schémy
ISSN:1335-003X
Predmet:

MARC

LEADER 00000nab a2200000 a 4500
001 vtls010505944
003 SK-MaSNL
005 20260304010544.0
008 150323c2013 xo mr|p|||an |000 b|eng
015 |a SNBRB2013/04 
038 |a SPK 
040 |a SPKCL  |b slo  |c AACR2  |e AACR2 
041 0 |a eng  |b eng 
044 |a xo  |c SK 
072 7 |a 371  |x Školstvo (organizácia)  |2 konspekt 
072 7 |a 37  |x Výchova a vzdelávanie  |2 konspekt 
072 7 |a 57  |x Všeobecná biológia  |2 konspekt 
080 |a 371.233  |2 2001 
080 |a 37.0:57.081.1  |2 2001 
100 1 |a Čipková, Elena,  |d 1975-  |4 aut  |9 222123 
245 1 0 |a Excursions in live broadcast  |c Elena Čipková, Štefan Karolčík, Kristína Michalcová 
300 |b Schémy 
504 |a Bibliogr. odkazy 
546 |a Res. angl. 
650 0 7 |a exkurzie  |2 snkbucl  |9 30680 
650 0 7 |a videokonferencie  |2 snkbucl  |9 318933 
650 0 7 |a prírodovedné vzdelávanie  |2 snkbucl  |9 101765 
700 1 |a Karolčík, Štefan,  |d 1970-  |4 aut  |9 248751 
700 1 |a Michalcová, Kristína  |4 aut  |9 1288546 
773 0 |t Technológia vzdelávania  |g Roč. XXI., č. 1(2013), s. 9-14  |x 1335-003X 
852 |a SPK  |b KIS3GCP 
958 |a NB  |2 spk 
999 |c 2561501  |d 2563431